000 00309nam a2200133Ia 4500
008 240624s9999 xx 000 0 und d
041 _aeng
082 _a823 DAS
100 _aDASGUPTA RANA
245 _aSOLO
260 _c2011
_aNew Delhi
_bHarperCollins
300 _a352 : p. : cm. ; 20
365 _cRS
_b25
999 _c18706
_d18706